00330nam a2200121Ia 4500008004100000041000800041082001400049100001800063245004500081260004100126300003000167365001100197240624s9999 xx 000 0 und d aeng a153.8 HIL aHILL NAPOLEON aESSENCE OF LAW OF SUCCESS 17 MAGIC PRINC c2010aMumbaibJaico Publishing House axv, : 187 : p. : cm. ; 21 cRSb15